000 00775nam a2200241Ia 4500
003 OSt
005 20220926021004.0
006 a|||||r|||| 00| 0
007 ta
008 220923b |||||||| |||| 00| 0 eng d
037 _cGeneral Book
040 _aRTL
_cRTL
_beng
041 _2eng
_aeng
082 _aX4:75:(B).4953.N8, N0
100 _aKim Tschangho John
_9325525
245 0 _aAdvanced transport and spatial systems models
_b Applications to Korea
260 _aNew York
_bSpringer-Verlag USA
_c1990
300 _axx,255p
_ccm.
500 _aBibliography:p 223-45; Appendix:p219-21
650 _aTransport Economics -- United States
942 _hX4:75:(B).4953.N8, N0
_cGB
_2CC
999 _c635387
_d635387